Aristotle in twenty-three volumes
Αποθηκεύτηκε σε:
| Κύριος συγγραφέας: | |
|---|---|
| Μορφή: | Βιβλίο |
| Γλώσσα: | English Ancient Greek |
| Δημοσίευση: |
Cambridge, Mass : London :
Harvard University Press ; William Heinemann,
1990.
|
| Σειρά: | Loeb classical library
|
| Θέματα: | |
| Ετικέτες: |
Προσθήκη ετικέτας
Δεν υπάρχουν, Καταχωρήστε ετικέτα πρώτοι!
|
MARC
| LEADER | 00000cam a2200000 i 4500 | ||
|---|---|---|---|
| 001 | 1/13341 | ||
| 008 | 980303s1990 mau| ||| |||| ||eng|| | ||
| 020 | |a 0674990811 |q (τ. 19) | ||
| 020 | |a 0674993500 |q (τ. 16) | ||
| 020 | |a 0674993497 |q (τ. 15) | ||
| 020 | |a 0674993381 |q (τ. 14) | ||
| 020 | |a 0674994418 |q (τ. 3) | ||
| 020 | |a 0674994302 |q (τ. 2) | ||
| 020 | |a 0674993594 |q (τ. 1) | ||
| 020 | |a 0674992997 |q (τ. 17) | ||
| 020 | |a 0674993179 |q (τ. 18) | ||
| 035 | |1 ΠΑΡ |a 1997 |l 10019005 | ||
| 035 | |1 ΠΑΡ |a 1997 |l 10019006 | ||
| 035 | |1 ΠΑΡ |a 1997 |l 10019007 | ||
| 040 | |a GR-MyUa |b gre |e AACR2 | ||
| 041 | 1 | |a eng |h grc | |
| 082 | 7 | |a 180.938 |2 (22) | |
| 100 | 0 | |a Αριστοτέλης, |d 384-322 π.Χ. | |
| 245 | 1 | 0 | |a Aristotle in twenty-three volumes / |c Aristotle. |
| 260 | |a Cambridge, Mass : |b Harvard University Press ; |a London : |b William Heinemann, |c 1990. | ||
| 300 | |a 23 τ. ; |c 17 εκ. | ||
| 490 | 1 | |a (Loeb classics library ; |v v. 316, 317, 73, 287, 271, 307, 400, 391, 325) | |
| 500 | |a Περιλαμβάνει ευρετήριο. | ||
| 505 | 8 | |a Τ. 1. The categories on interpretation / Harold P. Cooke -- Prior analytics / Hugh Tredennick -- τ. 2. Posterior analytics / Hugh Tredennick -- Topica / E.S. Forster -- τ. 3. On sophistical refutations -- On coming-to-be and passing-away / translated E.S. Forster -- On the cosmos / translated D.J. Furley -- τ. 14. Minor works / with an English translation by W.S. Hett -- τ. 15 Problems I / with an English translation by W.S. Hett -- τ. 16. Problems II / with an English translation by W.S. Hett -- Rhetorica ad Alexandrum / with an English translation by H. Rackham -- τ. 19 The Nicomachean ethics / with an English translation by H. Rackham -- Metaphysics X-XIV / translated by Hugh Tredennick -- Oeconomica Magna Moralia / translated by G. Cyril Armstrong -- τ. 17. The metaphysics / with an English translation by Hugh Tredennick. | |
| 650 | 0 | 0 | |a Philosophy, Ancient. |
| 830 | 0 | |a Loeb classical library | |
| 852 | |a INST |b LESVOS |e 20220630 |h 180.938 ΑΡΙ |p 005100014944 |q 005100014944 |t BK |y 0 | ||
| 852 | |a INST |b LESVOS |e 20220630 |h 180.938 ΑΡΙ |p 005100014945 |q 005100014945 |t BK |y 0 | ||
| 852 | |a INST |b LESVOS |e 20220630 |h 180.938 ΑΡΙ |p 005100014946 |q 005100014946 |t BK |y 0 | ||
| 852 | |a INST |b LESVOS |e 20220630 |h 180.938 ΑΡΙ |p 005100014977 |q 005100014977 |t BK |y 0 | ||
| 852 | |a INST |b LESVOS |e 20220630 |h 180.938 ΑΡΙ |p 005100014978 |q 005100014978 |t BK |y 0 | ||
| 852 | |a INST |b LESVOS |e 20220630 |h 180.938 ΑΡΙ |p 005100015077 |q 005100015077 |t BK |y 0 | ||
| 852 | |a INST |b LESVOS |e 19980227 |h 180.938 ΑΡΙ |p 005100015078 |q 005100015078 |t BK |y 0 |z τ.III | ||
| 852 | |a INST |b LESVOS |e 19980227 |h 180.938 ΑΡΙ |p 005100015079 |q 005100015079 |t BK |y 0 |z τ.II | ||
| 852 | |a INST |b LESVOS |e 19980227 |h 180.938 ΑΡΙ |p 005100015080 |q 005100015080 |t BK |y 0 |z τ.I | ||
| 852 | |a INST |b LESVOS |e 20220630 |h 180.938 ΑΡΙ |p 005100014944 |q 005100014944 |t BK |v τ.19: |y 0 | ||
| 852 | |a INST |b LESVOS |e 20220630 |h 180.938 ΑΡΙ |p 005100014945 |q 005100014945 |t BK |v τ.17: |y 0 | ||
| 852 | |a INST |b LESVOS |e 20220630 |h 180.938 ΑΡΙ |p 005100014946 |q 005100014946 |t BK |v τ.18: |y 0 | ||
| 852 | |a INST |b LESVOS |e 20220630 |h 180.938 ΑΡΙ |p 005100014977 |q 005100014977 |t BK |v τ.16: |y 0 | ||
| 852 | |a INST |b LESVOS |e 20220630 |h 180.938 ΑΡΙ |p 005100014978 |q 005100014978 |t BK |v τ.15: |y 0 | ||
| 852 | |a INST |b LESVOS |e 20220630 |h 180.938 ΑΡΙ |p 005100015077 |q 005100015077 |t BK |v τ.14: |y 0 | ||
| 852 | |a INST |b LESVOS |e 19980227 |h 180.938 ΑΡΙ |p 005100015078 |q 005100015078 |t BK |v τ.3: |y 0 |z τ.III | ||
| 852 | |a INST |b LESVOS |e 19980227 |h 180.938 ΑΡΙ |p 005100015079 |q 005100015079 |t BK |v τ.2: |y 0 |z τ.II | ||
| 852 | |a INST |b LESVOS |e 19980227 |h 180.938 ΑΡΙ |p 005100015080 |q 005100015080 |t BK |v τ.1: |y 0 |z τ.I | ||
| 853 | |a INST |b LESVOS |h 180.938 ΑΡΙ | ||
| 922 | |a 1ΕΛΗ |b 1993-10 |d Leader Book | ||